Analysis of Stock Market Linkages Evidence from the Selected CEE Markets

Burzy v ČR (PX), Maďarsku (BUX) a Poľsku (WIG 20), a vzájomné porovnanie ich vývoja s nemeckým DAX. Modely dynamickej podmienenej korelácie (DCC) a analýzy prechodu. Dáta za jan 1997 - nov 2013. Model GJR pre odhad návratnosti akcií a model LSTR pre zachytenie vývoja graduálneho prechodu k väčšej sp...

Full description

Saved in:
Bibliographic Details
Main Author: Chocholatá, Michaela, 1977-
Format: Book Chapter
Language:English
Subjects:
Tags: Add Tag
No Tags, Be the first to tag this record!

MARC

LEADER 00000naa a2200000 4500
001 0191814
005 20240502083444.0
041 0 |a eng 
044 |a PL 
245 1 0 |a Analysis of Stock Market Linkages  |b Evidence from the Selected CEE Markets  |c Michaela Chocholatá 
520 |a Burzy v ČR (PX), Maďarsku (BUX) a Poľsku (WIG 20), a vzájomné porovnanie ich vývoja s nemeckým DAX. Modely dynamickej podmienenej korelácie (DCC) a analýzy prechodu. Dáta za jan 1997 - nov 2013. Model GJR pre odhad návratnosti akcií a model LSTR pre zachytenie vývoja graduálneho prechodu k väčšej spolupráci, predovšetkým po vstupe do EÚ. 
610 2 0 |a burzy 
610 2 0 |a modely 
610 2 0 |a korelácia 
610 2 0 |a analýzy 
610 2 0 |a návratnosť investícií 
610 2 0 |a akcie 
610 2 0 |a Európska únia 
100 1 |a Chocholatá, Michaela, 1977-